00254nam a2200097Ia 4500008004100000082002000041100002100061245002900082260003700111300000800148150731s2014 xx 000 0 und d a617.041bA 14 D aDUNGHAV, MANISHA aASTANGAHRIDAYA (MCQ-SON) bCHAUKHAMBHA PUB. NEW DELHIc2014 a102